Statistics for England Euro 2012 Squad

Click here to take the quiz!

General Stats

  • This quiz has been taken 4,253 times
    (4,162 since last reset)
  • The average score is 18 of 24

Answer Stats

HintAnswer% Correct
Joe Hart
99%
Wayne Rooney
96%
Steven Gerrard
93%
John Terry
92%
Leighton Baines
85%
Ashley Cole
82%
Danny Welbeck
82%
Jermain Defoe
80%
Glen Johnson
79%
Roy Hodgson
79%
Phil Jagielka
77%
Phil Jones
77%
Theo Walcott
77%
James Milner
76%
Jordan Henderson
75%
Robert Green
74%
Joleon Lescott
68%
Andy Carroll
65%
Alex Oxlade-Chamberlain
63%
Ashley Young
55%
Jack Butland
55%
Scott Parker
49%
Stewart Downing
46%
Martin Kelly
39%

Score Distribution

Percentile by Number Answered

Percent of People with Each Score

Your Score History

You have not taken this quiz since the last reset